La guerra de las galaxias : una nueva esperanza = Star Wars : Episode IV : A New Hope /
La guerra de las galaxias es una de las sagas más populares y taquilleras de la historia del cine; fue concebida por el cineasta norteamericano George Lucas a finales de la década de 1970, cuando filmó lo que, dos décadas después, serían los capítulos IV (Una nueva esperanza, 1977), V (El imperio co...
Guardado en:
| Autor principal: | |
|---|---|
| Otros autores: | , , , , , , , |
| Formato: | |
| Idioma: | Inglés |
| Publicado: |
Los Angeles, EUA :
Lucasfilm,
1977, c1977
|
| Temas: | |
| Etiquetas: |
Sin etiquetas, Sé el primero en etiquetar este registro!
|
MARC
| LEADER | 00000ngm^a2200000^a^4500 | ||
|---|---|---|---|
| 001 | 000118305 | ||
| 005 | 20250521000000.0 | ||
| 009 | 20260310094236.904 | ||
| 037 | |a Acervo ITESO - Biblioteca | ||
| 041 | |a ING | ||
| 082 | |a 810. |b GUE V. 4 | ||
| 100 | |a Lucas, George |e (realización) | ||
| 240 | 1 | 4 | |a [La guerra de las galaxias] |
| 240 | 1 | 4 | |a [La guerra de las galaxias IV: una nueva esperanza] |
| 245 | 1 | 3 | |a La guerra de las galaxias : |b una nueva esperanza = Star Wars : Episode IV : A New Hope / |c Realización de G. Lucas. |
| 264 | 4 | |a Los Angeles, EUA : |b Lucasfilm, |c 1977, c1977 | |
| 264 | 2 | |a México : |b Twentieth Century Fox [distribución], |c 2000 | |
| 300 | |a 1 videocasete VHS (13, 125 min.) : |b color | ||
| 336 | |a imagen móvil bidimensional |b tdi |2 rdacontenido | ||
| 337 | |a video |b v |2 rdamedio | ||
| 338 | |a videocasete |b vf |2 rdasoporte | ||
| 520 | |a La guerra de las galaxias es una de las sagas más populares y taquilleras de la historia del cine; fue concebida por el cineasta norteamericano George Lucas a finales de la década de 1970, cuando filmó lo que, dos décadas después, serían los capítulos IV (Una nueva esperanza, 1977), V (El imperio contraataca, 1980) y VI (El regreso del jedi, 1983). A principios del siglo XXI realizó los tres primeros capítulos o precuelas, I (La amenaza fantasma, 1999), II (El ataque de los clones, 2002) y III (La venganza de los sith, 2005). A lo largo de los seis capítulos se narran las dificultades para mantener la paz en una galaxia organizada en República Galáctica, cuyo senado toma las grandes decisiones concernientes a los planetas en ella reunidos, en una permanente lucha entre los caballeros jedi y los sith; en este contexto, en diferentes momentos crecen dos niños con habilidades especiales (padre e hijo) que, en un principio, se debaten sobre unirse al bien o al mal y, posteriormente, desde sus posturas contrarias, se enfrentan en la defensa del mal el primero y del bien, el segundo. | ||
| 520 | |a En este capítulo, Luke Skywalker se entera de su origen y su destino cuando por azar conoce a un solitario caballero jedi. Al estallar la guerra civil, ambos personajes, junto con un piloto y dos androides, se ven involucrados en la lucha de las fuerzas rebeldes y en el rescate de la princesa que las comanda. Contiene una cápsula de trece minutos sobre la saga, en que su creador, George Lucas, habla de sus planes futuros de completarla. | ||
| 530 | |a Existe una edición en formato audiovisual en DVD con el mismo título | ||
| 546 | |a En inglés, con subtítulos en español | ||
| 586 | |a Premio Oscar, de la Academia Norteamericana de Cine (50°: 1977): Mejor Película (finalista) | ||
| 586 | |a Premio Oscar, de la Academia Norteamericana de Cine (50°: 1977): Mejor Dirección (finalista: George Lucas) | ||
| 586 | |a Premio Oscar, de la Academia Norteamericana de Cine (50°: 1977): Película con más premios (6) | ||
| 586 | |a Premio Globo de Oro, de la Asociación de la Prensa Extranjera de Hollywood (35°: 1977): Mejor Película – Drama (finalista) | ||
| 586 | |a Premio Globo de Oro, de la Asociación de la Prensa Extranjera de Hollywood (35°: 1977): Mejor Dirección (finalista: George Lucas) | ||
| 586 | |a Premio BAFTA, de la Academia Británica de Cine y Televisión (32°: 1978): Mejor Película (finalista) | ||
| 586 | |a Premio BAFTA, de la Academia Británica de Cine y Televisión (32°: 1978): Mejor Dirección (finalista: George Lucas) | ||
| 586 | |a Registro Nacional de Cine de la Biblioteca del Congreso: Declaraciones de 1989 | ||
| 586 | |a Premio de la Academia Japonesa de Cine (2°: 1978): Mejor Película Extranjera (finalista) | ||
| 586 | |a Diseño de Indumentaria y Moda: Premio Oscar, de la Academia Norteamericana de Cine (50°: 1977): Mejor Diseño de Vestuario (ganador: John Mollo) | ||
| 586 | |a Diseño de Indumentaria y Moda: Premio BAFTA, de la Academia Británica de Cine y Televisión (32°: 1978): Mejor Diseño de Vestuario (finalista: John Mollo) | ||
| 649 | |a XX | ||
| 650 | |a Cine de Aventuras | ||
| 650 | |a Películas de Ciencia-Ficción | ||
| 650 | |a Cine Fantástico | ||
| 650 | |a Cine Norteamericano - |y 1980-1989 | ||
| 650 | |a Cine Norteamericano - |y Siglo XX | ||
| 650 | |a Guerra y Paz | ||
| 650 | |a Poder (Ciencias Sociales) | ||
| 650 | |a Relaciones Internacionales | ||
| 650 | |a Política Internacional | ||
| 700 | |a Lucas, George |e (guión) | ||
| 700 | |a Taylor, Gilbert |e (fotógrafo) | ||
| 700 | |a Mollo, John |e (vestuario) | ||
| 700 | |a Chew, Richard |e (montaje) | ||
| 700 | |a Williams, John |e (música) | ||
| 700 | |a Hamill, Mark |e (actuación) | ||
| 700 | |a Ford, Harrison |e (actuación) | ||
| 700 | |a Fisher, Carrie |e (actuación) | ||
| 910 | |a Fondo General | ||
| 920 | |a Audiovisuales - Videocasetes | ||
| 940 | |a Películas | ||
| 905 | |a 301 | ||
| 901 | |a 0500049179 |b IT2 |c VIS |u 20250521 | ||
| 902 | |a https://opac.biblio.iteso.mx/vufind/Record/000118305 | ||